000 00586nmm a2200169Ia 4500
008 251105s9999||||xx |||||||||||||||||und||
020 _a9788437074801
041 _aspa
100 _aPeiró Silla, José María
245 0 _aEstrés laboral y riesgos psicosociales :
_b Investigaciones recientes para su análisis y prevención
264 _a[Madrid, España] :
_bPublicaciones de la Universidad de Valencia (PUV),
_c2009
300 _a52 páginas
490 _aDiscurs d'Obertura
650 _aPsychology
856 _uhttps://public.digitaliapublishing.com/a/35138
942 _cCF
999 _c82475
_d82475